00367nam a2200109Ia 4500008004100000082000800041100001900049245006900068942000600137952009900143999001500242240331s9999 xx 000 0 und d bPAT aPathmanaba I.S 0aIlankaiyil thoddap pallikoodankalin kalviamaippum prachinaikalum cL 001040708LaWERCLbWERCLcSSCd2024-03-31l0o 370.954 PATp3675r2024-03-31w2024-03-31yL c3601d3601